000 00357nam a2200133Ia 4500
008 240624s9999 xx 000 0 und d
041 _aeng
082 _a658.4022 BLO
100 _aBLOCH SUSAN
245 _aHOW TO MANAGE IN A FLAT WORLD GET CONNEC
260 _c2008
_aNew Delhi
_bPearson Education
300 _axxv, : 156 : p. : cm. ; 22
365 _cRS
_b20
999 _c8049
_d8049